<?xml version="1.0" encoding="UTF-8"?>
<record
    xmlns:xsi="http://www.w3.org/2001/XMLSchema-instance"
    xsi:schemaLocation="http://www.loc.gov/MARC21/slim http://www.loc.gov/standards/marcxml/schema/MARC21slim.xsd"
    xmlns="http://www.loc.gov/MARC21/slim">

  <leader>03678nam a22002777a 4500</leader>
  <controlfield tag="008">251020b        |||||||| |||| 00| 0 eng d</controlfield>
  <datafield tag="020" ind1=" " ind2=" ">
    <subfield code="a">9782253262398</subfield>
  </datafield>
  <datafield tag="040" ind1=" " ind2=" ">
    <subfield code="c">tbs</subfield>
  </datafield>
  <datafield tag="041" ind1=" " ind2=" ">
    <subfield code="a">fre</subfield>
    <subfield code="h">eng</subfield>
  </datafield>
  <datafield tag="100" ind1=" " ind2=" ">
    <subfield code="a">Riley, Lucinda</subfield>
    <subfield code="d">1965-2021</subfield>
    <subfield code="9">26221</subfield>
    <subfield code="e">author</subfield>
  </datafield>
  <datafield tag="245" ind1=" " ind2=" ">
    <subfield code="a">Atlas</subfield>
    <subfield code="b">: the story of Pa Salt</subfield>
    <subfield code="c">/ Lucinda Riley, Harry Whittaker ; translated by Marie-Axelle de la Rochefoucauld.</subfield>
  </datafield>
  <datafield tag="260" ind1=" " ind2=" ">
    <subfield code="a">Paris :</subfield>
    <subfield code="b">Charleston,</subfield>
    <subfield code="c">2023.</subfield>
  </datafield>
  <datafield tag="300" ind1=" " ind2=" ">
    <subfield code="a">951 pages ;</subfield>
    <subfield code="c">18 cm.</subfield>
  </datafield>
  <datafield tag="490" ind1=" " ind2=" ">
    <subfield code="a">Seven sisters series</subfield>
  </datafield>
  <datafield tag="520" ind1=" " ind2=" ">
    <subfield code="a">1928, Paris &#x2014; Un gar&#xE7;on est retrouv&#xE9;, &#xE0; l&#x2019;agonie, et recueilli par une famille bienveillante. Doux, pr&#xE9;coce et talentueux, il s&#x2019;&#xE9;panouit dans son nouveau foyer, o&#xF9; on lui fait d&#xE9;couvrir une vie qu&#x2019;il n&#x2019;aurait jamais os&#xE9; imaginer. Mais il refuse de dire un seul mot sur qui il est r&#xE9;ellement. En grandissant, tombant amoureux et suivant des cours au prestigieux Conservatoire de Paris, il parvient presque &#xE0; oublier les terreurs de son pass&#xE9; et la promesse qu&#x2019;il a jur&#xE9; de tenir. Pourtant, &#xE0; travers l&#x2019;Europe, un mal grandit, et nul n&#x2019;est &#xE0; l&#x2019;abri. Au fond de lui, il sait que viendra le moment o&#xF9; il devra fuir &#xE0; nouveau.

2008, mer &#xC9;g&#xE9;e &#x2014; Les sept s&#x153;urs sont r&#xE9;unies pour la premi&#xE8;re fois, &#xE0; bord du Titan, afin de dire un dernier adieu &#xE0; leur p&#xE8;re &#xE9;nigmatique qu&#x2019;elles ont tant aim&#xE9;. &#xC0; la surprise g&#xE9;n&#xE9;rale, c&#x2019;est &#xE0; la s&#x153;ur disparue que Pa Salt a choisi de confier l&#x2019;indice de leurs origines. Mais &#xE0; chaque v&#xE9;rit&#xE9; r&#xE9;v&#xE9;l&#xE9;e surgit une nouvelle question. Les s&#x153;urs doivent affronter l&#x2019;id&#xE9;e que leur p&#xE8;re ador&#xE9; &#xE9;tait peut-&#xEA;tre un homme qu&#x2019;elles connaissaient &#xE0; peine. Plus troublant encore : ces secrets enfouis depuis longtemps pourraient bien avoir des cons&#xE9;quences sur leur pr&#xE9;sent.

Traversant une vie d&#x2019;amour et de perte, franchissant les fronti&#xE8;res et les oc&#xE9;ans, Atlas : L&#x2019;histoire de Pa Salt conclut la saga des Sept S&#x153;urs dans une fin &#xE9;blouissante et inoubliable.</subfield>
  </datafield>
  <datafield tag="520" ind1=" " ind2=" ">
    <subfield code="a">1928, Paris - A boy is found, moments from death, and taken in by a kindly family. Gentle, precocious, talented, he flourishes in his new home, and the family show him a life he hadn&#x2019;t dreamed possible. But he refuses to speak a word about who is really is. As he grows into a young man, falling in love and taking classes at the prestigious Conservatoire de Paris, he can almost forget the terrors of his past, or the promise he has vowed to keep. But across Europe an evil is rising, and no-one&#x2019;s safety is certain. In his heart, he knows the time will come where he must flee once more. 2008, the Aegean - The seven sisters are gathered together for the first time, on board the Titan to say a final goodbye to the enigmatic father they loved so dearly. o the surprise of everyone, it is the missing sister who Pa Salt has chosen to entrust with the clue to their pasts. But for every truth revealed, another question emerges. The sisters must confront the idea that their adored father was someone they barely knew. And even more shockingly: that these long-buried secrets may still have consequences for them today. Spanning a lifetime of love and loss, crossing borders and oceans, Atlas: The Story of Pa Salt draws the Seven Sisters series to its stunning, unforgettable conclusion.</subfield>
  </datafield>
  <datafield tag="650" ind1=" " ind2="0">
    <subfield code="a">Sisters</subfield>
    <subfield code="v">Fiction</subfield>
    <subfield code="9">22940</subfield>
  </datafield>
  <datafield tag="650" ind1=" " ind2="0">
    <subfield code="a">Fathers</subfield>
    <subfield code="v">Fiction</subfield>
    <subfield code="9">26222</subfield>
  </datafield>
  <datafield tag="650" ind1=" " ind2="0">
    <subfield code="a">Fathers and daughters</subfield>
    <subfield code="v">Fiction</subfield>
    <subfield code="9">22885</subfield>
  </datafield>
  <datafield tag="650" ind1=" " ind2="0">
    <subfield code="a">Adopted children</subfield>
    <subfield code="v">Fiction</subfield>
    <subfield code="9">26223</subfield>
  </datafield>
  <datafield tag="650" ind1=" " ind2="0">
    <subfield code="a">Family secrets</subfield>
    <subfield code="v">Fiction</subfield>
    <subfield code="9">23679</subfield>
  </datafield>
  <datafield tag="651" ind1=" " ind2="0">
    <subfield code="a">Paris (France)</subfield>
    <subfield code="v">Fiction</subfield>
    <subfield code="9">26224</subfield>
  </datafield>
  <datafield tag="655" ind1=" " ind2="0">
    <subfield code="a">Historical fiction</subfield>
    <subfield code="9">22722</subfield>
  </datafield>
  <datafield tag="700" ind1=" " ind2=" ">
    <subfield code="a">Rochefoucauld, Marie-Axelle de la</subfield>
    <subfield code="9">26225</subfield>
    <subfield code="e">translator</subfield>
  </datafield>
  <datafield tag="942" ind1=" " ind2=" ">
    <subfield code="2">lcc</subfield>
  </datafield>
  <datafield tag="952" ind1=" " ind2=" ">
    <subfield code="0">0</subfield>
    <subfield code="1">0</subfield>
    <subfield code="2">lcc</subfield>
    <subfield code="4">0</subfield>
    <subfield code="7">0</subfield>
    <subfield code="a">TBS</subfield>
    <subfield code="b">TBS</subfield>
    <subfield code="d">2025-10-20</subfield>
    <subfield code="l">0</subfield>
    <subfield code="o">P-FR RIL</subfield>
    <subfield code="p">B07719</subfield>
    <subfield code="r">2025-10-20</subfield>
    <subfield code="t">1</subfield>
    <subfield code="w">2025-10-20</subfield>
    <subfield code="y">1</subfield>
  </datafield>
  <datafield tag="999" ind1=" " ind2=" ">
    <subfield code="c">5066</subfield>
    <subfield code="d">5066</subfield>
  </datafield>
</record>
